|
|
|
|
| LEADER |
02324nem a22004572a 4500 |
| 001 |
mzk03001065220 |
| 003 |
CZ BrMZK |
| 005 |
20121101160715.0 |
| 007 |
aj|ca||| |
| 008 |
080820s1789 au |||||||a|||r|0|||gerod |
| 034 |
1 |
|
|a a
|b 3000000
|d W0142847
|e E0204153
|f N0374101
|g N0265147
|
| 040 |
|
|
|a BOA001
|b cze
|
| 043 |
|
|
|a ff-----
|a f-mr---
|a f-ti---
|a f-ae---
|
| 072 |
|
7 |
|a 912:904
|x Staré mapy
|2 Konspekt
|9 7
|
| 080 |
|
|
|a (084.3)
|2 MRF
|
| 080 |
|
|
|a (6-17)
|2 MRF
|
| 080 |
|
|
|a (611)
|2 MRF
|
| 080 |
|
|
|a (64)
|2 MRF
|
| 080 |
|
|
|a (65)
|2 MRF
|
| 100 |
1 |
|
|a Benedicti, Hieronymus,
|d 1756-1809
|7 mzk2008469409
|4 aut
|
| 245 |
1 |
0 |
|a Generalkarte der Koenigreiche Marokko, Fez, Algier, und Tunis :
|b Nach den besten Karten und neuesten Nachrichten.
|n N. 106
|h [kartografický dokument] /
|c Verfasst von Don Lopez y Vargas &. Geographen des Koenigs in Spanien &. Neu herausgegeben von Herrn F. A. Schraembl. H. B. Sc.
|
| 255 |
|
|
|a Měřítko [ca 1:3 000 000]. 7,1 cm = 30 Geographische oder deutsche Meilen. 9,5 cm = 50 6626 castilische Varen oder Seemeilen. 9 cm = 120 Grosse arabische Meilen. 9,3 cm = 150 Arabische Meilen zu 2336 Varen. 9,5 cm = 14 Giams, Seemeilen der Araber, deren eine 9 grosse arabische Meilen macht. 9,5 cm = 80 Stunden Wegs für die Karavanen zu 4412 Varen
|
| 260 |
|
|
|a Zufinden in eigenen Verlage in Wien :
|b herausgegeben von Herrn F. A. Schraembl,
|c 1789
|
| 300 |
|
|
|a 1 mapa :
|b mědirytina, ručně kolorovaná ;
|c 34,5 x 77 cm na listu 60,7 x 84,5 cm
|
| 500 |
|
|
|a Laenge von der Insel Ferro
|
| 500 |
|
|
|a Na rubu v pravém horním rohu číslování podle pořadí v Schrämblově atlasu "106"
|
| 500 |
|
|
|a Výzdoba: V pravém dolním rohu pole s názvem a měřítka, v mapovém rámci geografické souřadnice, souřadnicová síť
|
| 655 |
|
7 |
|a historické mapy
|7 fd186723
|2 czenas
|
| 651 |
|
7 |
|a Afrika severní
|7 ge128640
|2 czenas
|
| 651 |
|
7 |
|a Maroko
|7 ge129968
|2 czenas
|
| 651 |
|
7 |
|a Tunisko
|7 ge128596
|2 czenas
|
| 651 |
|
7 |
|a Alžírsko
|7 ge128658
|2 czenas
|
| 700 |
1 |
|
|a López, Tomás,
|d 1731-1802
|7 jn20040625015
|4 ant
|
| 856 |
4 |
1 |
|u http://mapy.mzk.cz/mzk03/001/065/220/2610352249
|y Digitalizovaný dokument
|
| 903 |
|
|
|a RP
|
| 910 |
|
|
|a BOA001
|b STMpa-1209.717
|
| 978 |
|
|
|b Schrämbl, Franz Anton
|a Wien
|c 1789
|
| 984 |
|
|
|a Vídeň
|b Rakousko
|
| 985 |
|
|
|a 1751-1800
|
| 990 |
|
|
|a MP
|
| 991 |
|
|
|k mzk
|